|
|
|
|
| LEADER |
00000nam0a2200000 4500 |
| 001 |
300405 |
| 005 |
20231102001310.0 |
| 035 |
|
|
|a (RuTPU)RU\TPU\book\325558
|
| 090 |
|
|
|a 300405
|
| 100 |
|
|
|a 20150709d1983 km y0rusy50 ca
|
| 101 |
0 |
|
|a rus
|
| 102 |
|
|
|a RU
|
| 105 |
|
|
|a a z 000zy
|
| 200 |
1 |
|
|a Технический прогресс в отделочных работах
|f А. Д. Кокин, М. С. Стесин, Д. Е. Гуревич
|
| 210 |
|
|
|a Москва
|c Стройиздат
|d 1983
|
| 215 |
|
|
|a 264 с.
|c ил.
|
| 606 |
1 |
|
|a Отделочные работы
|x Качество
|2 stltpush
|3 (RuTPU)RU\TPU\subj\47677
|9 66599
|
| 610 |
1 |
|
|a передовые методы
|
| 610 |
1 |
|
|a подготовка
|
| 610 |
1 |
|
|a техническая документация
|
| 610 |
1 |
|
|a сборные элементы
|
| 610 |
1 |
|
|a отделка
|
| 610 |
1 |
|
|a отделочные материалы
|
| 610 |
1 |
|
|a оклейка
|
| 610 |
1 |
|
|a стены
|
| 610 |
1 |
|
|a полы
|
| 610 |
1 |
|
|a витражи
|
| 610 |
1 |
|
|a механизация
|
| 675 |
|
|
|a 693.6:658
|v 4
|
| 700 |
|
1 |
|a Кокин
|b А. Д.
|g Александр Давыдович
|
| 701 |
|
1 |
|a Стесин
|b М. С.
|g Моисей Соломонович
|
| 701 |
|
1 |
|a Гуревич
|b Д. Е.
|g Давид Ефимович
|
| 801 |
|
1 |
|a RU
|b 63413507
|c 20150709
|
| 801 |
|
2 |
|a RU
|b 63413507
|c 20190412
|g RCR
|
| 942 |
|
|
|c BK
|